000 00323nam a2200133Ia 4500
008 240624s9999 xx 000 0 und d
041 _aeng
082 _a658 HIA
100 _aHIAM ALEXANDER
245 _aBUSINESS INNOVATION FOR DUMMIES
260 _c2010
_aHoboken
_bWiley Publishing
300 _a357 : p.
365 _cRS
999 _c16627
_d16627